European countries (sudden death) - Statistics

General Stats
  • This quiz has been taken 26 times
  • The average score is 10 of 11
Answers on the Grid
Answers color-coded by a green-red scale on the quiz's grid according to % correct below.
France
Norway
Thailand
Andorra
Morocco
Syria
Germany
Estonia
Mongolia
Mexico
Brunei
Monaco
Argentina
South Africa
Portugal
Pakistan
Austria
Bulgaria
Ireland
Belize
Croatia
 
Answer Stats
Answer % Correct
Estonia
100%
France
100%
Germany
100%
Norway
100%
Ireland
95%
Monaco
95%
Portugal
95%
Andorra
89%
Austria
89%
Bulgaria
89%
Croatia
89%
No matching quizzes found
Score Distribution
Percent of People with Each Score
Percentile by Number Answered
Your Score History
You have not taken this quiz